000 00693nam a2200193 4500
001 121533
003 ES-MaACL
005 20230906191752.0
007 t|
008 070214s1973 sp r ||||1| spa d
080 _a362.3(46)(063)
111 2 _aSymposium Nacional sobre Planes Provinciales en Deficiencia Mental (
_d1972.
_cSoria)
_9135238
245 1 0 _aPlanes provinciales en deficiencia mental
_b: Symposium de Soria, [10, 11 y 12 de julio de 1972].
260 _aSoria :
_bDiputación Provincial,
_c1973.
300 _a152 p., 2 lám. ;
_c24 cm.
650 0 4 _aDeficiencia mental.
_911548
710 1 _aSoria (Provincia).
_bDiputación Provincial.
_96880
852 4 _aES-MaACL
_jC-52327
999 _c121533
_d121533